Rues de Montréal - Statistiques

Statistiques générales
  • Ce quiz a été pris 153 fois
  • Le résultat moyen est 17 sur 76
Statistiques - réponses
Hint Réponse % Correct
Quartier des Spectacles Rue Sainte-Catherine
67%
Quartier des Spectacles Rue Sherbrooke
64%
Plateau-Mont-Royal Rue Roy
51%
Petite-Italie Rue Jean-Talon
49%
Plateau-Mont-Royal Avenue du Mont-Royal
48%
Quartier Chinois Boulevard René-Lévesque
48%
Mile-End Avenue Laurier
42%
Vieux-Montréal Rue Notre-Dame
42%
Mile-End Boulevard Rosemont
40%
Petite-Italie Rue Beaubien
39%
Quartier des Spectacles Boulevard de Maisonneuve
37%
Plateau-Mont-Royal Rue Rachel
37%
Mile-End Boulevard Saint-Joseph
36%
Ahuntsic Rue Sauvé
36%
Villeray Rue Villeray
36%
Villeray Boulevard Crémazie
34%
Ahuntsic Boulevard Henri-Bourassa
34%
Villeray Rue Jarry
34%
Quartier des Spectacles Rue Ontario
34%
Plateau-Mont-Royal Avenue des Pins
28%
Plateau-Mont-Royal Avenue Duluth
28%
Petite-Italie Rue de Bellechasse
28%
Ahuntsic Rue Fleury
28%
Vieux-Montréal Rue Saint-Paul
28%
Ahuntsic Boulevard Gouin
27%
Petite-Italie Rue Bélanger
27%
Vieux-Montréal Rue de la Commune
27%
Quartier Chinois Rue de la Gauchetière
27%
Petite-Italie Rue Saint-Zotique
27%
Quartier Chinois Avenue Viger
25%
Plateau-Mont-Royal Rue Marie-Anne
25%
Vieux-Montréal Rue Saint-Antoine
25%
Vieux-Montréal Rue Saint-Jacques
25%
Mile-End Rue Saint-Viateur
25%
Plateau-Mont-Royal Rue Prince-Arthur
24%
Mile-End Avenue Fairmount
22%
Mile-End Rue Bernard
22%
Villeray Rue de Castelnau
22%
Ahuntsic Rue Chabanel
19%
Ahuntsic Rue Prieur
19%
Mile-End Rue Villeneuve
19%
Petite-Italie Avenue Mozart
18%
Mile-End Avenue Van Horne
18%
Villeray Rue Gounod
18%
Plateau-Mont-Royal Rue Milton
18%
Ahuntsic Rue Legendre
16%
Ahuntsic Rue Sauriol
16%
Villeray Rue Faillon
13%
Petite-Italie Rue Dante
12%
Villeray Rue de Liège
12%
Villeray Rue Guizot
12%
Plateau-Mont-Royal Rue Napoléon
12%
Ahuntsic Rue de Louvain
10%
Ahuntsic Rue de Port-Royal
10%
Villeray Rue Gary-Carter
10%
Petite-Italie Avenue Shamrock
9%
Ahuntsic Rue de Beauharnois
9%
Mile-End Rue de l'Arcade
9%
Villeray Rue Jules-Verne
9%
Plateau-Mont-Royal Rue Saint-Cuthbert
9%
Ahuntsic Rue Lighthall
7%
Villeray Rue Molière
7%
Ahuntsic Rue Somerville
7%
Mile-End Rue Cloutier
6%
Petite-Italie Rue Henri-IV
6%
Ahuntsic Rue Leslie-Gault
6%
Mile-End Rue Maguire
6%
Ahuntsic Rue Mongeau
6%
Plateau-Mont-Royal Rue Bagg
4%
Plateau-Mont-Royal Rue Guilbault
4%
Quartier des Spectacles Rue Juliette-Béliveau
4%
Quartier des Spectacles Place du Marché
3%
Vieux-Montréal Rue Le Royer
3%
Quartier des Spectacles Rue Saint-Norbert
3%
Vieux-Montréal Rue des Fortifications
1%
Plateau-Mont-Royal Rue Vallières
1%
Aucun quiz correspondant
Distribution des résultats
% des personnes avec chaque résultat
Percentile par nombre de réponses
Votre historique - résultats
Vous n’avez pas pris ce quiz